Residential (Record no. 83699)

MARC details
000 -LEADER
fixed length control field 01037cad a22001935a 4500
001 - CONTROL NUMBER
control field L154650
008 - FIXED-LENGTH DATA ELEMENTS--GENERAL INFORMATION
fixed length control field 120110e20111216xxk 000 0 eng d
035 ## - SYSTEM CONTROL NUMBER
System control number (Sirsi) u154650
041 0# - LANGUAGE CODE
Language code of text/sound track or separate title eng
110 2# - MAIN ENTRY--CORPORATE NAME
Corporate name or jurisdiction name as entry element Savills
9 (RLIN) 2020
245 00 - TITLE STATEMENT
Title Residential
Medium [electronic resource]
490 ## - SERIES STATEMENT
Series statement Savills Research Singapore Market in Minutes
Volume/sequential designation 16 December 2011
520 ## - SUMMARY, ETC.
Summary, etc. New residential propery sales in Singapore are expected to slow in response to the worsening macro-economic conditions and additional property curbs, while leasing volume is expected to reach an historical high in 2011. Prices of new mass-market homes could dip 5%, while prices for high-end nonlanded homes may fall by 10% in 2012. Rents may correct by 5% in 2012.
590 ## - LOCAL NOTE (RLIN)
Local note KA
651 #4 - SUBJECT ADDED ENTRY--GEOGRAPHIC NAME
Geographic name Singapore
690 ## - LOCAL SUBJECT ADDED ENTRY--TOPICAL TERM (OCLC, RLIN)
Topical term or geographic name as entry element PROPERTY-RESIDENTIAL PROPERTY-RESIDENTIAL PROPERTY MARKET
856 40 - ELECTRONIC LOCATION AND ACCESS
Uniform Resource Identifier <a href="https://pdf.savills.asia/asia-pacific-research/singapore-research/singapore-residential/sg-mm-res-dec-2011.pdf">https://pdf.savills.asia/asia-pacific-research/singapore-research/singapore-residential/sg-mm-res-dec-2011.pdf</a>
Public note View this item free of charge at pdf.savills.asia
942 ## - ADDED ENTRY ELEMENTS (KOHA)
Suppress in OPAC 0
Holdings
Withdrawn status Lost status Source of classification or shelving scheme Damaged status Not for loan Home library Current library Shelving location Date acquired Total Checkouts Full call number Barcode Date last seen Copy number Price effective from Koha item type
    Dewey Decimal Classification     Virtual Virtual Journal article 10/01/2012   ONLINE PUBLICATION 154650-2001 06/08/2019 1 06/08/2019 Journal article